000 00970cam a22002655a 4500
001 L157593
008 130129s2012 xxk f 000 0 eng d
020 _a9781848062689
035 _a(Sirsi) u157593
041 0 _aeng
100 1 _aMatthews, Stuart
245 0 0 _aStructural appraisal of existing buildings, including for a material change of use
_bpart 1:requirements for a structural appraisal
260 _aWatford : IHS BRE, 2012
300 _a12p. : ill. ; 30cm.
490 _aBRE Digest ; 366 Part 1
520 _aGives guidance to professional engineers on the structural appraisal of existing buildings, including making a structural appraisal for a material change.
521 _aAdvanced
590 _aKA
650 2 4 _aSTRUCTURAL APPRAISAL
650 2 4 _aSTRUCTURAL SURVEYING
651 4 _aENGLAND AND WALES
690 _aBuilding materials and defects
690 _aBUILT ENVIRONMENT-BUILDING SURVEYING-STRUCTURAL SURVEYING
942 _n0
999 _c114859
_d114859